State rent to mortgage schemes (Record no. 11823)

MARC details
000 -LEADER
fixed length control field 00842cab a2200265 4500
001 - CONTROL NUMBER
control field WB2640-34
008 - FIXED-LENGTH DATA ELEMENTS--GENERAL INFORMATION
fixed length control field 090401t1990 xxu||||| |||| 00| 0 eng d
035 ## - SYSTEM CONTROL NUMBER
System control number (Sirsi) u17823
041 ## - LANGUAGE CODE
Language code of text/sound track or separate title eng
245 ## - TITLE STATEMENT
Title State rent to mortgage schemes
260 ## - PUBLICATION, DISTRIBUTION, ETC.
Date of publication, distribution, etc. 1990
350 ## - PRICE (NR) (BK AM CF MU VM SE) [OBSOLETE]
Price 0
490 ## - SERIES STATEMENT
Series statement Times
Volume/sequential designation 10/10/90 p10&2
490 ## - SERIES STATEMENT
Series statement Financial Times
Volume/sequential designation 10/10/90 p15
490 ## - SERIES STATEMENT
Series statement Independent
Volume/sequential designation 8/10/90 p21(4)
490 ## - SERIES STATEMENT
Series statement Daily Telegraph
Volume/sequential designation 12/10/90 p 12
520 ## - SUMMARY, ETC.
Summary, etc. Examines the rent to mortgages scheme for council house tenants announced by the Minister of Housing as part of government housing policy . Looks at the pioneering Basildon and Uphall schemes.
650 ## - SUBJECT ADDED ENTRY--TOPICAL TERM
Topical term or geographic name entry element HOME OWNERSHIP
650 ## - SUBJECT ADDED ENTRY--TOPICAL TERM
Topical term or geographic name entry element HOMELESSNESS
650 ## - SUBJECT ADDED ENTRY--TOPICAL TERM
Topical term or geographic name entry element OWNER-OCCUPATION
650 ## - SUBJECT ADDED ENTRY--TOPICAL TERM
Topical term or geographic name entry element RIGHT TO BUY
690 ## - LOCAL SUBJECT ADDED ENTRY--TOPICAL TERM (OCLC, RLIN)
Topical term or geographic name as entry element HOUSING
942 ## - ADDED ENTRY ELEMENTS (KOHA)
Suppress in OPAC 0
948 ## - LOCAL PROCESSING INFORMATION (OCLC); SERIES PART DESIGNATOR (RLIN)
c (OCLC) 04/03/1997
Holdings
Withdrawn status Lost status Source of classification or shelving scheme Damaged status Not for loan Home library Current library Shelving location Date acquired Total Checkouts Full call number Barcode Date last seen Copy number Price effective from Koha item type
    Dewey Decimal Classification     London London News article 14/09/1999   WB2640-34 17823-1001 06/08/2019 1 06/08/2019 News article